UITU Library & LRC     

Solutions of University Problems in Machine design(M K S ) (Record no. 9179)

MARC details
000 -LEADER
fixed length control field 00477nam a2200181Ia 4500
008 - FIXED-LENGTH DATA ELEMENTS--GENERAL INFORMATION
fixed length control field 240925s9999 xx 000 0 und d
020 ## - INTERNATIONAL STANDARD BOOK NUMBER
International Standard Book Number NA
082 ## - DEWEY DECIMAL CLASSIFICATION NUMBER
Classification number 621.815 SHA
100 ## - MAIN ENTRY--PERSONAL NAME
Personal name Shahane -
245 #0 - TITLE STATEMENT
Title Solutions of University Problems in Machine design(M K S )
250 ## - EDITION STATEMENT
Edition statement NA
260 ## - PUBLICATION, DISTRIBUTION, ETC.
Place of publication, distribution, etc. Bombay:
Name of publisher, distributor, etc. Engineering Book
Date of publication, distribution, etc. NA
300 ## - PHYSICAL DESCRIPTION
Extent xviii,404p.
Other physical details NA
Type of unit Pirated
500 ## - GENERAL NOTE
General note Includes Index
600 ## - SUBJECT ADDED ENTRY--PERSONAL NAME
Personal name Electronic Engineering
650 ## - SUBJECT ADDED ENTRY--TOPICAL TERM
Topical term or geographic name entry element Technology
942 ## - ADDED ENTRY ELEMENTS (KOHA)
Koha item type Books
Holdings
Withdrawn status Lost status Damaged status Not for loan Collection Home library Current library Date acquired Source of acquisition Cost, normal purchase price Total checkouts Full call number Barcode Date last seen Price effective from Koha item type
        Electrical Engineering UITU Library UITU Library 05/12/2006 OK Photostat 648.00   621.815 SHA Q6680 09/25/2024 09/25/2024 Books

Powered by Koha